[Event "Reunion op 12th"]
[Site "St Denis"]
[Date "2010.10.13"]
[Round "5"]
[White "Semanele, Donald"]
[Black "Narayanassamy, Shankar"]
[Result "1-0"]
[WhiteElo "1280"]
[BlackElo "1010"]
[PlyCount "59"]
[EventDate "2010.10.09"]
[EventType "swiss"]
[EventRounds "9"]
[EventCountry "RUF"]
[SourceTitle "CBM 138 Extra"]
[Source "ChessBase"]
[SourceDate "2010.10.29"]
[SourceVersion "1"]
[SourceVersionDate "2010.10.29"]
[SourceQuality "1"]

1. d4 d5 2. Nc3 Nf6 3. e4 dxe4 4. Be3 e5 5. d5 Bg4 6. f3 Bh5 7. fxe4 Bxd1 8. Nxd1 Bd6 9. Nc3 0-0 10. 0-0-0 Ng4 11. Re1 c6 12. h3 Nxe3 13. Rxe3 cxd5 14. Nxd5 Qd7 15. Nf3 Rd8 16. h4 Bc5 17. Rc3 Be3+ 18. Rxe3 Nc6 19. c3 f5 20. Bc4 fxe4 21. Rxe4 Na5 22. Nb6+ Qd5 23. Bxd5+ Rxd5 24. Nxd5 Rd8 25. Ne7+ Kh8 26. Rxe5 Nc6 27. Nxc6 bxc6 28. Rhe1 c5 29. Re8+ Rxe8 30. Rxe8# 1-0

[Event "Reunion op 11th"]
[Site "St Denis"]
[Date "2009.10.17"]
[Round "9"]
[White "Hoareau, Noe"]
[Black "Narayanassamy, Shankar"]
[Result "1-0"]
[WhiteElo "1050"]
[BlackElo "1099"]
[PlyCount "49"]
[EventDate "2009.10.10"]
[EventType "swiss"]
[EventRounds "9"]
[EventCountry "RUF"]
[SourceTitle "CBM 132 Extra"]
[Source "ChessBase"]
[SourceDate "2009.11.03"]
[SourceVersion "1"]
[SourceVersionDate "2009.11.03"]
[SourceQuality "1"]

1. e4 e5 2. Nf3 Nf6 3. Nxe5 Nxe4 4. Qe2 Nf6 5. Nc6+ Be7 6. Nxd8 Kxd8 7. g3 b6 8. Bg2 d5 9. 0-0 Bb7 10. Re1 Nc6 11. Nc3 Ba6 12. Qxa6 Nd4 13. d3 Ng4 14. Bf4 Ne6 15. Qb7 Nxf4 16. gxf4 g6 17. Qxa8+ Kd7 18. Qxd5+ Bd6 19. Qc6+ Kd8 20. Re2 Bxf4 21. Rae1 Nf6 22. Qxf6+ Kc8 23. Qxh8+ Kd7 24. Re7+ Kd6 25. Qd4# 1-0